000 01990nam a2200325 a 4500
001 78091
003 BD-RjUL
005 20211209083104.0
008 210318s2003 bg a|||| m||| 00| 0 ben d
035 _a(BD-RjUL)78317
040 _aBD-RjUL
_bben/eng
_dBD-RjUL
041 _aben
082 _223
_a370.92
_bKAS 2003
100 _aকামালী, হোছাইন আহমদ
_9243043
245 1 0 _aসৈয়দ আহমদ খান :
_bজীবন, শিক্ষা সংস্কার ও সাহিত্যকর্ম /
_c হোছাইন আহমদ কামালী ;
_6তত্ত্বাবধায়ক : মুহাম্মদ আবদুল হক
260 _aরাজশাহী :
_bভাষা বিভাগ, রাজশাহী বিশ্ববিদ্যালয়,
_c২০০৩
300 _a[১১], ২৮৫ পাতা :
_bচিত্র ;
_c২৯ সেমি.
502 _aথিথিস (পিএইচ. ডি.) -- ভাষা বিভাগ, রাজশাহী বিশ্ববিদ্যালয়, ২০০৩
504 _aগ্রন্থপঞ্জি: পাতা [২৬২]-২৮৫
600 _aখান, সৈয়দ আহমদ,
_c--স্যার,
_d-১৮১৭-১৮৯৮
_xজীবনী
_9246273
600 _aKhan, Syed Ahmad,
_c sir,
_d-1817-1898
_xBiography
_9246274
650 _aশিক্ষাগত পরিবর্তন
_zভারত
_xইতিহাস
_9246259
650 _aEducational change
_zIndia
_xHistory.
_9246260
650 _aমুসলিম
_xশিক্ষা
_zভারত
_9246261
650 _aMuslims
_xEducation
_zIndia.
_9246262
650 _aশিক্ষা সংস্কারক
_zভারত
_xইতিহাস
_9246275
650 _aEducation reformer
_zIndia
_xHistory
_9246276
700 _aহক, মুহাম্মদ আবদুল, তত্ত্বাবধায়ক
_9246198
942 _2ddc
_cTHE
999 _c78091
_d78091